| 000 | 01079nam a22002657a 4500 | ||
|---|---|---|---|
| 005 | 20080923102150.0 | ||
| 008 | 080923t xxu||||| |||| 00| 0 eng d | ||
| 010 | _aENG-91047 | ||
| 020 | _c80.00 | ||
| 035 | _aEN-74580 | ||
| 037 | _bDBAD / PUB | ||
| 040 |
_adpl _bEnglish |
||
| 082 | _a883.08 | ||
| 100 | _aSaburunnisa, A. | ||
| 245 |
_aHuman relations in D.H. Lawrence and T.Janakiraman: _cby A. Saburunnisa _ba study / |
||
| 260 |
_aChennai _bImage & Impression _c2008 |
||
| 270 |
_bChennai _a11/29 Subramaniam Street, Abiramapuram _e600018 |
||
| 300 |
_a102p. _c18cm (pbk) |
||
| 600 |
_aLawrence, D. H. (David Herbert), 1885-1930. _xCriticism and interpretation |
||
| 600 |
_aJanakiraman, T. 1921-1983 _xCriticism and interpretation |
||
| 650 |
_aEnglish fiction _xCriticism and interpretation |
||
| 650 | _aHuman relations in literature | ||
| 942 |
_2ddc _cEN _mSAB _h883.08 |
||
| 999 |
_c15601 _d15601 |
||